000 00774nam a2200241Ia 4500
003 OSt
005 20220918190443.0
006 a|||||r|||| 00| 0
007 ta
008 220917b |||||||| |||| 00| 0 eng d
024 _a56,941
037 _cTextual
040 _aARTS
_cARTS
_beng
041 _2eng
_aeng
082 _aP931T, K5 (PD)
100 _aDowen J Donald ed
_972627
245 0 _aBeginning Tagalog
_b a course for speakers of English
260 _aBerkeley
_bUniv Of california Press
_c1965
500 _aAppendices (p.485-505 ); 1. Useful expressions; 2. Answer keys; 3. Verbal offix focus charis; 4. cardinal numerals
650 _aLINGUISTICS
942 _hP931T, K5 (PD)
_cTEXL
_2CC
999 _c185198
_d185198